| 000 | 00565nam a2200205Ia 4500 | ||
|---|---|---|---|
| 003 | OSt | ||
| 005 | 20230511115709.0 | ||
| 008 | 210423s2000 xx 000 0 und d | ||
| 040 | _cAL | ||
| 041 | _aeng | ||
| 082 |
_a305.4 _223 _bSARW |
||
| 100 |
_aSARKAR (Lotika);SIVARAMAYYA(B) _9102926 |
||
| 245 |
_aWomen and law _bContemporary problems |
||
| 260 |
_aKottaym _bOxford University Press _c2000 |
||
| 365 |
_b110 _cINR |
||
| 650 |
_aSociology _9102927 |
||
| 650 |
_aWomen Studies _9102928 |
||
| 906 | _aContemporary ; law ; problems ; Women | ||
| 942 |
_2ddc _cBK |
||
| 999 |
_c171962 _d171962 |
||